| 000 | 00479nam a2200181Ia 4500 | ||
|---|---|---|---|
| 003 | GCL | ||
| 008 | 140319s9999 xx 000 0 eng d | ||
| 040 |
_aGCL / _cGCL |
||
| 082 | 0 | 4 |
_a541.378 _bD E |
| 100 | 1 | _aDUTTA, R.L. | |
| 245 | 1 | 0 |
_aELEMENTS OF MAGNET CHEMISTRY / _cDUTTA, R.L. |
| 700 | 1 | _aSGAMAL, A. | |
| 260 |
_a[S.N] : _bAFFILIATED EAST - WEST PRESS PRIVATE LTD ، _c1993 |
||
| 300 | _a262 P | ||
| 650 | 0 | 4 | _aCHEMISTRY |
| 650 | 0 | 4 | _aMAGNETOCHEMISTRY |
| 942 |
_2ddc _cBK |
||
| 999 |
_c20592 _d20592 |
||